000 00534nam a2200229Ia 4500
005 20250425161811.0
008 250425s9999 xx 000 0 und d
020 _a8475099874
041 _aspa
082 _a300
100 _aPOPPER, KARL
245 0 _aEN BUSCA DE UN MUNDO MEJOR
250 _a1A ED.
260 _aBARCELONA
260 _aEspaƱa
_bPAIDOS
_c1994
300 _a314
500 _aPaidos Estado y Sociedad ; 21
650 _aCAMBIOS SOCIALES
650 _aCONOCIMIENTO
942 _c01
010 _a30182
999 _c216367
_d216367